000 00417nam a22001697a 4500
999 _c1064
_d1064
005 20211007130018.0
008 160519b xxu||||| |||| 00| 0 eng d
020 _a81-297-0260-6
041 _aeng
082 _b3106
100 _aBester field, dale H others
_91665
245 _aTotal Quality Management
260 _aDelhi
_bPearson Education,
_c2001
300 _a533
650 _aManagement
_9241
942 _cBK